00546nam a22001697a 450000500170000001000150001702000260003203500130005803700130007108200100008410000270009424500890012126000380021027000520024830000260030050000500032620131218111755.0 aENG-108860 a9788192563602c850.00 aEN-92393 bDBAD/PUB a338.9 aMishra, Rabindra Kumar aEconomic development and growth :cby Rabindra Kumar Mishraban Indian perspective / aNew DelhibS.K. Book Agencyc2013 a5A/12, Ansari Road DaryaganjbNew Delhie110002 aviii,232p. c22cm(Hb) aIncludes bibliographical references and index